[Event "Russian Women's Higher League 2021"]
[Site "?"]
[Date "2021.06.28"]
[Round "3.22"]
[White "Kovalevskaya, Ekaterina"]
[Black "Nikolaeva, Nadezhda"]
[Result "1-0"]
[WhiteElo "2382"]
[BlackElo "1839"]
[Annotator ""]
[Source ""]
[Remark ""]

1.e4 {[%clk 1:30:49]} c5 {[%clk 1:30:54]} 2.Nf3 {[%clk 1:31:13]}
d6 {[%clk 1:31:12]} 3.d4 {[%clk 1:30:29]} cxd4 {[%clk 1:31:33]}
4.Qxd4 {[%clk 1:30:53]} Nc6 {[%clk 1:31:44]} 5.Qe3 {[%clk 1:31:06]}
Nf6 {[%clk 1:31:13]} 6.Be2 {[%clk 1:31:20]} e6 {[%clk 1:29:27]}
7.O-O {[%clk 1:29:34]} d5 {[%clk 1:22:50]} 8.exd5 {[%clk 1:23:10]}
Nxd5 {[%clk 1:23:10]} 9.Qb3 {[%clk 1:21:26]} Bd7 {[%clk 1:15:28]}
10.c4 {[%clk 1:09:29]} Nf6 {[%clk 1:12:18]} 11.Nc3 {[%clk 1:02:33]}
Bc5 {[%clk 1:06:54]} 12.Bg5 {[%clk 0:55:46]} h6 {[%clk 1:04:22]}
13.Bh4 {[%clk 0:53:07]} g5 {[%clk 0:57:56]} 14.Bg3 {[%clk 0:53:30]}
O-O {[%clk 0:52:15]} 15.Rad1 {[%clk 0:42:01]} Qe7 {[%clk 0:37:27]}
16.Qxb7 {[%clk 0:26:50]} e5 {[%clk 0:30:06]} 17.Nd5 {[%clk 0:21:03]}
Nxd5 {[%clk 0:30:20]} 18.Rxd5 {[%clk 0:18:26]} Be6 {[%clk 0:26:40]}
19.Qxc6 {[%clk 0:16:55]} Rac8 {[%clk 0:24:31]} 20.Qa6 {[%clk 0:14:18]}
Bxd5 {[%clk 0:24:22]} 21.cxd5 {[%clk 0:14:45]} f6 {[%clk 0:23:56]}
22.Nxe5 {[%clk 0:09:57]} fxe5 {[%clk 0:22:41]} 23.Bg4 {[%clk 0:10:08]}
Rce8 {[%clk 0:16:18]} 24.Be6+ {[%clk 0:06:27]} Kg7 {[%clk 0:11:52]}
25.Bxe5+ {[%clk 0:06:50]} Rf6 {[%clk 0:12:17]} 26.Bxf6+ {[%clk 0:02:04]}
Qxf6 {[%clk 0:12:30]} 27.Qb5 {[%clk 0:01:01]} Qf8 {[%clk 0:12:16]}
28.a3 {[%clk 0:01:11]} Rb8 {[%clk 0:11:05]} 29.Qd7+ {[%clk 0:01:34]}
Qe7 {[%clk 0:10:34]} 30.b4 {[%clk 0:01:48]} Bd6 {[%clk 0:08:29]}
31.Qxe7+ {[%clk 0:01:25]} Bxe7 {[%clk 0:08:56]} 32.f4 {[%clk 0:01:28]}
Rf8 {[%clk 0:08:35]} 33.fxg5 {[%clk 0:01:07]} Rxf1+ {[%clk 0:08:21]}
34.Kxf1 {[%clk 0:01:35]} Bxg5 {[%clk 0:08:38]} 35.Ke2 {[%clk 0:01:54]}
Kf6 {[%clk 0:08:44]} 36.Kd3 {[%clk 0:01:48]} Ke5 {[%clk 0:08:52]}
37.Kc4 {[%clk 0:01:38]} Kd6 {[%clk 0:08:13]} 38.Kb5 {[%clk 0:01:12]}
Kc7 {[%clk 0:06:05]} 39.Ka6 {[%clk 0:01:20]} Be3 {[%clk 0:05:46]}
40.g4 {[%clk 0:31:24]} Bf2 {[%clk 0:35:03]} 41.a4 {[%clk 0:31:03]}
Be1 {[%clk 0:34:34]} 42.b5 {[%clk 0:27:57]} Bf2 {[%clk 0:34:42]}
43.a5 {[%clk 0:27:58]} Bc5 {[%clk 0:26:56]} 44.h4 {[%clk 0:26:35]}
Kb8 {[%clk 0:26:02]} 45.g5 {[%clk 0:26:16]} hxg5 {[%clk 0:25:05]}
46.hxg5 {[%clk 0:26:43]} Bd4 {[%clk 0:24:18]} 47.g6 {[%clk 0:27:05]} 1-0

[Event "Russian Women's Higher League 2021"]
[Site "?"]
[Date "2021.06.28"]
[Round "3.23"]
[White "Getman, Tatyana"]
[Black "Khmeleva, Anna"]
[Result "1-0"]
[WhiteElo "2201"]
[BlackElo "1640"]
[Annotator ""]
[Source ""]
[Remark ""]

1.d4 {[%clk 1:30:58]} Nf6 {[%clk 1:30:56]} 2.c4 {[%clk 1:31:24]}
g6 {[%clk 1:31:21]} 3.Nc3 {[%clk 1:31:49]} Bg7 {[%clk 1:31:47]}
4.e4 {[%clk 1:32:11]} d6 {[%clk 1:32:13]} 5.h3 {[%clk 1:32:15]}
O-O {[%clk 1:32:36]} 6.Nf3 {[%clk 1:32:39]} e5 {[%clk 1:32:57]}
7.d5 {[%clk 1:33:00]} Nh5 {[%clk 1:33:17]} 8.g3 {[%clk 1:33:11]}
a5 {[%clk 1:32:50]} 9.Be2 {[%clk 1:31:43]} f5 {[%clk 1:31:08]}
10.Bg5 {[%clk 1:30:50]} Nf6 {[%clk 1:25:20]} 11.exf5 {[%clk 1:30:03]}
gxf5 {[%clk 1:25:07]} 12.Qc2 {[%clk 1:28:38]} Na6 {[%clk 1:24:44]}
13.O-O-O {[%clk 1:25:24]} Qe8 {[%clk 1:22:37]} 14.Nh4 {[%clk 1:22:09]}
Nb4 {[%clk 1:17:30]} 15.Qd2 {[%clk 1:18:04]} Ne4 {[%clk 1:08:23]}
16.Nxe4 {[%clk 1:17:49]} fxe4 {[%clk 1:08:44]} 17.Kb1 {[%clk 1:14:57]}
Qf7 {[%clk 1:06:03]} 18.Rdf1 {[%clk 1:09:15]} Bf5 {[%clk 1:03:01]}
19.Nxf5 {[%clk 1:06:43]} Qxf5 {[%clk 1:03:12]} 20.Be3 {[%clk 1:04:39]}
b6 {[%clk 1:00:28]} 21.g4 {[%clk 1:02:46]} Qd7 {[%clk 0:54:35]}
22.a3 {[%clk 1:02:27]} Na6 {[%clk 0:54:52]} 23.g5 {[%clk 1:00:03]}
Nc5 {[%clk 0:54:11]} 24.h4 {[%clk 0:46:49]} Nb3 {[%clk 0:50:54]}
25.Qc2 {[%clk 0:46:46]} Nd4 {[%clk 0:51:08]} 26.Bxd4 {[%clk 0:46:43]}
exd4 {[%clk 0:51:29]} 27.Qxe4 {[%clk 0:46:46]} Rae8 {[%clk 0:51:04]}
28.Qc2 {[%clk 0:44:00]} Rf4 {[%clk 0:47:26]} 29.Bd3 {[%clk 0:43:03]}
Be5 {[%clk 0:47:16]} 30.h5 {[%clk 0:40:47]} Ref8 {[%clk 0:46:02]}
31.h6 {[%clk 0:40:12]} Qe7 {[%clk 0:44:07]} 32.Bxh7+ {[%clk 0:38:53]}
Qxh7 {[%clk 0:43:58]} 33.g6 {[%clk 0:39:18]} Qd7 {[%clk 0:43:10]}
34.g7 {[%clk 0:39:19]} Re8 {[%clk 0:43:11]} 35.Rfg1 {[%clk 0:35:50]}
Rg4 {[%clk 0:42:27]} 36.f3 {[%clk 0:35:58]} Rg3 {[%clk 0:40:48]}
37.Rxg3 {[%clk 0:36:09]} Bxg3 {[%clk 0:41:08]} 38.Qg6 {[%clk 0:36:28]}
 1-0

[Event "Russian Women's Higher League 2021"]
[Site "?"]
[Date "2021.06.28"]
[Round "3.24"]
[White "Baisheva, Nyurguiaana"]
[Black "Kuznetsova, Marina"]
[Result "1-0"]
[WhiteElo "1782"]
[BlackElo "1964"]
[Annotator ""]
[Source ""]
[Remark ""]

1.e4 {[%clk 1:30:57]} e5 {[%clk 1:30:53]} 2.Nf3 {[%clk 1:31:22]}
Nc6 {[%clk 1:31:18]} 3.Bb5 {[%clk 1:31:47]} Nge7 {[%clk 1:31:20]}
4.O-O {[%clk 1:31:46]} g6 {[%clk 1:31:26]} 5.d4 {[%clk 1:30:38]}
exd4 {[%clk 1:31:15]} 6.Nxd4 {[%clk 1:31:01]} Bg7 {[%clk 1:31:09]}
7.c3 {[%clk 1:28:55]} O-O {[%clk 1:27:32]} 8.Be3 {[%clk 1:28:26]}
d6 {[%clk 1:21:23]} 9.Nd2 {[%clk 1:26:46]} Bd7 {[%clk 1:16:16]}
10.Nxc6 {[%clk 1:20:17]} Nxc6 {[%clk 1:15:39]} 11.Nf3 {[%clk 1:19:55]}
Qe7 {[%clk 1:13:35]} 12.Bd3 {[%clk 1:19:35]} a6 {[%clk 1:03:06]}
13.Re1 {[%clk 1:17:01]} h6 {[%clk 0:57:39]} 14.Qc2 {[%clk 1:11:08]}
Rfe8 {[%clk 0:53:21]} 15.h3 {[%clk 1:10:21]} Qf6 {[%clk 0:50:12]}
16.Nd2 {[%clk 1:06:16]} Ne5 {[%clk 0:42:35]} 17.Be2 {[%clk 1:03:56]}
g5 {[%clk 0:37:08]} 18.Nf1 {[%clk 0:57:40]} Qg6 {[%clk 0:22:17]}
19.Ng3 {[%clk 0:54:23]} g4 {[%clk 0:21:00]} 20.h4 {[%clk 0:49:38]}
Qf6 {[%clk 0:18:23]} 21.h5 {[%clk 0:45:32]} Qh4 {[%clk 0:17:05]}
22.Rad1 {[%clk 0:38:10]} Be6 {[%clk 0:15:52]} 23.b3 {[%clk 0:36:59]}
Nd7 {[%clk 0:14:54]} 24.Qd2 {[%clk 0:35:50]} Kh7 {[%clk 0:13:23]}
25.Bd3 {[%clk 0:35:23]} Ne5 {[%clk 0:12:41]} 26.Be2 {[%clk 0:33:30]}
a5 {[%clk 0:11:49]} 27.Qc2 {[%clk 0:27:36]} Bd7 {[%clk 0:09:44]}
28.a4 {[%clk 0:27:35]} Rh8 {[%clk 0:04:47]} 29.Bd4 {[%clk 0:23:37]}
Rad8 {[%clk 0:03:05]} 30.b4 {[%clk 0:22:13]} Ra8 {[%clk 0:02:46]}
31.b5 {[%clk 0:22:22]} b6 {[%clk 0:02:51]} 32.c4 {[%clk 0:19:38]}
Rhg8 {[%clk 0:01:49]} 33.Bf1 {[%clk 0:18:30]} Kh8 {[%clk 0:01:29]}
34.Qc1 {[%clk 0:17:48]} Kh7 {[%clk 0:01:24]} 35.Qf4 {[%clk 0:16:57]}
Bf6 {[%clk 0:00:45]} 36.Qe3 {[%clk 0:13:34]} Be6 {[%clk 0:00:54]}
37.Bxe5 {[%clk 0:12:43]} Bxe5 {[%clk 0:01:10]} 38.Bd3 {[%clk 0:12:52]}
Kg7 {[%clk 0:00:57]} 39.Rf1 {[%clk 0:11:03]} Bxg3 {[%clk 0:00:33]}
40.fxg3 {[%clk 0:41:15]} Qxh5 {[%clk 0:30:54]} 41.Rf4 {[%clk 0:39:24]}
Qc5 {[%clk 0:27:59]} 42.Kf2 {[%clk 0:39:39]} Rad8 {[%clk 0:26:59]}
43.Rh1 {[%clk 0:38:35]} Rge8 {[%clk 0:22:26]} 44.Be2 {[%clk 0:38:02]}
Qxe3+ {[%clk 0:22:19]} 45.Kxe3 {[%clk 0:35:20]} f5 {[%clk 0:22:27]}
46.Kd4 {[%clk 0:31:45]} Bc8 {[%clk 0:21:14]} 47.Bd3 {[%clk 0:31:22]}
fxe4 {[%clk 0:20:10]} 48.Bxe4 {[%clk 0:31:46]} Be6 {[%clk 0:14:39]}
49.Bc6 {[%clk 0:28:45]} Rf8 {[%clk 0:08:15]} 50.Re4 {[%clk 0:28:51]}
Rf6 {[%clk 0:05:56]} 51.Rhe1 {[%clk 0:27:04]} Kf7 {[%clk 0:03:54]}
52.R1e2 {[%clk 0:25:06]} h5 {[%clk 0:02:36]} 53.Re1 {[%clk 0:24:56]}
Rg8 {[%clk 0:01:40]} 54.Rxe6 {[%clk 0:25:07]} Rxe6 {[%clk 0:01:34]}
55.Rxe6 {[%clk 0:25:33]} Rg5 {[%clk 0:00:55]} 56.Bd5 {[%clk 0:24:54]}
Kf8 {[%clk 0:01:12]} 57.Rf6+ {[%clk 0:24:53]} Ke7 {[%clk 0:01:37]}
58.Rf7+ {[%clk 0:25:15]} Kd8 {[%clk 0:02:04]} 59.Bc6 {[%clk 0:25:19]}
Rg6 {[%clk 0:01:55]} 60.Rd7+ {[%clk 0:25:43]} Kc8 {[%clk 0:02:20]}
61.Re7 {[%clk 0:26:06]} Rg8 {[%clk 0:02:34]} 62.Re8+ {[%clk 0:25:10]}
Rxe8 {[%clk 0:02:59]} 63.Bxe8 {[%clk 0:25:37]} Kd8 {[%clk 0:03:19]}
64.Bxh5 {[%clk 0:26:02]} Ke7 {[%clk 0:03:46]} 65.Bxg4 {[%clk 0:26:26]}
Kf6 {[%clk 0:04:11]} 66.Kd5 {[%clk 0:26:46]} Kg5 {[%clk 0:04:27]}
67.Bf3 {[%clk 0:27:05]} Kf5 {[%clk 0:04:52]} 68.Kc6 {[%clk 0:27:30]}
Ke5 {[%clk 0:05:17]} 69.Kxc7 {[%clk 0:27:47]} Kd4 {[%clk 0:05:41]}
70.g4 {[%clk 0:28:03]} Kxc4 {[%clk 0:06:06]} 71.g5 {[%clk 0:28:29]}
Kb4 {[%clk 0:06:12]} 72.g6 {[%clk 0:28:24]} Kxa4 {[%clk 0:06:28]}
73.g7 {[%clk 0:28:49]} Kxb5 {[%clk 0:06:49]} 74.g8Q {[%clk 0:29:14]} 1-0

[Event "Russian Women's Higher League 2021"]
[Site "?"]
[Date "2021.06.28"]
[Round "3.25"]
[White "Asatryan, Maria"]
[Black "Plekhanova, Ekaterina"]
[Result "1-0"]
[WhiteElo "1621"]
[BlackElo "1858"]
[Annotator ""]
[Source ""]
[Remark ""]

1.d4 {[%clk 1:30:58]} d5 {[%clk 1:30:48]} 2.Nf3 {[%clk 1:31:23]}
Nf6 {[%clk 1:31:14]} 3.c4 {[%clk 1:31:49]} dxc4 {[%clk 1:31:39]}
4.g3 {[%clk 1:32:13]} e6 {[%clk 1:15:52]} 5.Bg2 {[%clk 1:31:58]}
c5 {[%clk 1:15:48]} 6.O-O {[%clk 1:32:20]} Nc6 {[%clk 1:16:07]}
7.Qa4 {[%clk 1:29:08]} Nd7 {[%clk 1:09:52]} 8.dxc5 {[%clk 1:25:37]}
Bxc5 {[%clk 1:10:12]} 9.Qxc4 {[%clk 1:26:02]} O-O {[%clk 1:09:25]}
10.Nc3 {[%clk 1:23:53]} Qe7 {[%clk 1:06:28]} 11.Ne4 {[%clk 1:18:20]}
Bb6 {[%clk 1:01:06]} 12.Bf4 {[%clk 1:13:44]} e5 {[%clk 0:57:25]}
13.Bg5 {[%clk 1:12:58]} Nf6 {[%clk 0:55:28]} 14.Nxf6+ {[%clk 1:03:54]}
gxf6 {[%clk 0:55:48]} 15.Bh6 {[%clk 1:04:20]} Rd8 {[%clk 0:55:45]}
16.Qh4 {[%clk 1:00:45]} Kh8 {[%clk 0:51:16]} 17.Ng5 {[%clk 0:46:24]}
Rd4 {[%clk 0:38:39]} 18.Bg7+ {[%clk 0:45:07]} 1-0

[Event "Russian Women's Higher League 2021"]
[Site "?"]
[Date "2021.06.29"]
[Round "4.1"]
[White "Guseva, Marina"]
[Black "Bodnaruk, Anastasia"]
[Result "1-0"]
[WhiteElo "2386"]
[BlackElo "2446"]
[Annotator ""]
[Source ""]
[Remark ""]

1.d4 {[%clk 1:30:56]} Nf6 {[%clk 1:30:55]} 2.c4 {[%clk 1:31:16]}
g6 {[%clk 1:31:21]} 3.Nf3 {[%clk 1:31:37]} Bg7 {[%clk 1:31:45]}
4.g3 {[%clk 1:31:57]} c6 {[%clk 1:31:59]} 5.Bg2 {[%clk 1:32:19]}
d5 {[%clk 1:32:16]} 6.cxd5 {[%clk 1:32:44]} cxd5 {[%clk 1:32:42]}
7.Nc3 {[%clk 1:33:10]} O-O {[%clk 1:32:46]} 8.Ne5 {[%clk 1:33:36]}
b6 {[%clk 1:31:47]} 9.O-O {[%clk 1:33:58]} Bb7 {[%clk 1:32:13]}
10.Bf4 {[%clk 1:34:22]} Nc6 {[%clk 1:29:55]} 11.Rc1 {[%clk 1:34:25]}
Rc8 {[%clk 1:25:31]} 12.Qd2 {[%clk 1:33:54]} Na5 {[%clk 1:17:22]}
13.b3 {[%clk 1:31:08]} Ne8 {[%clk 1:15:04]} 14.Rfd1 {[%clk 1:20:14]}
e6 {[%clk 1:10:22]} 15.e4 {[%clk 1:06:18]} f6 {[%clk 0:53:15]}
16.Nd3 {[%clk 1:06:39]} dxe4 {[%clk 0:52:34]} 17.Nxe4 {[%clk 1:01:38]}
Rxc1 {[%clk 0:50:57]} 18.Nxc1 {[%clk 0:48:53]} Rf7 {[%clk 0:46:06]}
19.Nc3 {[%clk 0:40:35]} Bxg2 {[%clk 0:44:13]} 20.Kxg2 {[%clk 0:41:00]}
Rd7 {[%clk 0:39:15]} 21.Qe2 {[%clk 0:39:21]} Qe7 {[%clk 0:37:18]}
22.Kg1 {[%clk 0:31:02]} Nd6 {[%clk 0:30:35]} 23.b4 {[%clk 0:26:45]}
Nac4 {[%clk 0:26:44]} 24.Nb3 {[%clk 0:27:11]} Qf7 {[%clk 0:21:52]}
25.Re1 {[%clk 0:26:31]} e5 {[%clk 0:20:07]} 26.dxe5 {[%clk 0:26:17]}
fxe5 {[%clk 0:19:59]} 27.Bc1 {[%clk 0:23:30]} Nf5 {[%clk 0:19:36]}
28.Ne4 {[%clk 0:15:37]} h6 {[%clk 0:19:45]} 29.Kg2 {[%clk 0:13:09]}
Nd4 {[%clk 0:17:33]} 30.Qd3 {[%clk 0:13:32]} Qd5 {[%clk 0:09:08]}
31.f3 {[%clk 0:10:17]} Rf7 {[%clk 0:07:13]} 32.Rf1 {[%clk 0:10:17]}
Qc6 {[%clk 0:05:55]} 33.Rf2 {[%clk 0:08:43]} Kh7 {[%clk 0:02:41]}
34.h4 {[%clk 0:08:23]} Rd7 {[%clk 0:02:16]} 35.h5 {[%clk 0:06:07]}
Nf5 {[%clk 0:01:12]} 36.hxg6+ {[%clk 0:06:32]} Kh8 {[%clk 0:00:52]}
37.Qe2 {[%clk 0:01:48]} Rc7 {[%clk 0:00:47]} 38.Rf1 {[%clk 0:01:42]}
Qxg6 {[%clk 0:00:50]} 39.Qd3 {[%clk 0:01:20]} Ncd6 {[%clk 0:00:35]}
40.g4 {[%clk 0:31:12]} Nd4 {[%clk 0:30:33]} 41.Nxd4 {[%clk 0:23:53]}
exd4 {[%clk 0:28:33]} 42.Bxh6 {[%clk 0:20:28]} Be5 {[%clk 0:11:10]}
43.Nf2 {[%clk 0:18:14]} Qe6 {[%clk 0:07:26]} 44.Re1 {[%clk 0:11:58]}
Qf6 {[%clk 0:07:42]} 45.Rh1 {[%clk 0:10:40]} Kg8 {[%clk 0:06:51]}
46.Bd2 {[%clk 0:09:16]} Rg7 {[%clk 0:05:24]} 47.Qb3+ {[%clk 0:09:20]}
Qf7 {[%clk 0:04:31]} 48.Qxf7+ {[%clk 0:08:42]} Rxf7 {[%clk 0:04:52]}
49.Nd3 {[%clk 0:08:10]} Bg7 {[%clk 0:04:34]} 50.Rc1 {[%clk 0:07:24]}
b5 {[%clk 0:04:21]} 51.Rc5 {[%clk 0:06:00]} Nc4 {[%clk 0:04:04]}
52.Bg5 {[%clk 0:06:09]} a6 {[%clk 0:04:07]} 53.f4 {[%clk 0:05:10]}
Rf8 {[%clk 0:02:21]} 54.f5 {[%clk 0:03:59]} Re8 {[%clk 0:02:50]}
55.Kf3 {[%clk 0:04:08]} Nd6 {[%clk 0:02:32]} 56.Bf4 {[%clk 0:03:52]}
Ne4 {[%clk 0:02:08]} 57.Rc6 {[%clk 0:03:46]} Bf6 {[%clk 0:01:42]}
58.Rxa6 {[%clk 0:03:13]} Kf7 {[%clk 0:01:45]} 59.Re6 {[%clk 0:03:27]}
Nc3 {[%clk 0:01:45]} 60.Rxe8 {[%clk 0:02:21]} Kxe8 {[%clk 0:02:14]}
61.g5 {[%clk 0:02:41]} Bd8 {[%clk 0:01:40]} 62.f6 {[%clk 0:02:22]}
Nxa2 {[%clk 0:01:23]} 63.Be5 {[%clk 0:02:43]} Nc3 {[%clk 0:00:56]}
64.Bxd4 {[%clk 0:02:46]} Nd5 {[%clk 0:01:20]} 65.Ke4 {[%clk 0:03:10]}
Nc7 {[%clk 0:01:30]} 66.Kf5 {[%clk 0:03:26]} Nd5 {[%clk 0:01:55]}
67.g6 {[%clk 0:03:37]} 1-0

[Event "Russian Women's Higher League 2021"]
[Site "?"]
[Date "2021.06.29"]
[Round "4.2"]
[White "Zherebtsova, Alexandra"]
[Black "Garifullina, Leya"]
[Result "1/2-1/2"]
[WhiteElo "2155"]
[BlackElo "2399"]
[Annotator ""]
[Source ""]
[Remark ""]

1.d4 {[%clk 1:30:59]} Nf6 {[%clk 1:30:49]} 2.c4 {[%clk 1:31:19]}
e6 {[%clk 1:31:13]} 3.Nc3 {[%clk 1:31:45]} Bb4 {[%clk 1:31:37]}
4.Bd2 {[%clk 1:31:56]} O-O {[%clk 1:31:02]} 5.Nf3 {[%clk 1:30:23]}
b6 {[%clk 1:27:53]} 6.e3 {[%clk 1:28:51]} c5 {[%clk 1:27:38]}
7.a3 {[%clk 1:24:09]} Bxc3 {[%clk 1:27:03]} 8.Bxc3 {[%clk 1:24:17]}
Ne4 {[%clk 1:25:59]} 9.Rc1 {[%clk 1:15:47]} Bb7 {[%clk 1:25:47]}
10.Be2 {[%clk 1:08:25]} d6 {[%clk 1:20:03]} 11.O-O {[%clk 1:07:32]}
Nd7 {[%clk 1:17:52]} 12.Be1 {[%clk 0:52:57]} f5 {[%clk 1:08:14]}
13.Nd2 {[%clk 0:39:25]} Ng5 {[%clk 0:52:19]} 14.f3 {[%clk 0:31:58]}
Qf6 {[%clk 0:45:12]} 15.Nb1 {[%clk 0:24:08]} cxd4 {[%clk 0:37:59]}
16.exd4 {[%clk 0:20:35]} f4 {[%clk 0:34:23]} 17.Nc3 {[%clk 0:17:40]}
a6 {[%clk 0:30:24]} 18.Bf2 {[%clk 0:17:16]} Qg6 {[%clk 0:28:35]}
19.Kh1 {[%clk 0:17:23]} Qh5 {[%clk 0:27:19]} 20.d5 {[%clk 0:12:14]}
e5 {[%clk 0:26:29]} 21.b4 {[%clk 0:08:35]} Rf6 {[%clk 0:25:16]}
22.Bg1 {[%clk 0:08:29]} Rh6 {[%clk 0:24:21]} 23.Ne4 {[%clk 0:07:10]}
Rf8 {[%clk 0:20:43]} 24.c5 {[%clk 0:06:08]} bxc5 {[%clk 0:19:46]}
25.bxc5 {[%clk 0:06:33]} dxc5 {[%clk 0:20:08]} 26.Nxc5 {[%clk 0:06:40]}
Nxc5 {[%clk 0:20:24]} 27.Rxc5 {[%clk 0:07:06]} Nf7 {[%clk 0:18:09]}
28.Qb3 {[%clk 0:05:38]} Nd6 {[%clk 0:16:05]} 29.Bd3 {[%clk 0:05:55]}
Bc8 {[%clk 0:14:34]} 30.Be4 {[%clk 0:04:49]} Bf5 {[%clk 0:12:44]}
31.Qd3 {[%clk 0:04:34]} Nxe4 {[%clk 0:11:51]} 32.fxe4 {[%clk 0:04:59]}
Bg4 {[%clk 0:12:13]} 33.Rf2 {[%clk 0:02:02]} f3 {[%clk 0:11:41]}
34.g3 {[%clk 0:02:03]} Qh3 {[%clk 0:09:56]} 35.d6 {[%clk 0:01:42]}
Qxg3 {[%clk 0:09:21]} 36.d7 {[%clk 0:01:22]} Bh3 {[%clk 0:08:41]}
37.Qd5+ {[%clk 0:01:07]} Kh8 {[%clk 0:09:02]} 38.Rcc2 {[%clk 0:00:59]}
Bxd7 {[%clk 0:02:11]} 39.Qxd7 {[%clk 0:01:12]} Qf4 {[%clk 0:02:08]}
40.Rc8 {[%clk 0:31:03]} Rhf6 {[%clk 0:32:01]} 41.Rxf8+ {[%clk 0:28:42]}
Rxf8 {[%clk 0:32:27]} 42.Qd3 {[%clk 0:26:42]} h6 {[%clk 0:27:40]}
43.Rf1 {[%clk 0:15:42]} Qg4 {[%clk 0:25:40]} 44.Qc2 {[%clk 0:15:36]}
Rc8 {[%clk 0:22:46]} 45.Qf2 {[%clk 0:15:24]} Rc3 {[%clk 0:22:44]}
46.Qg3 {[%clk 0:12:02]} Qxe4 {[%clk 0:21:51]} 47.Bf2 {[%clk 0:12:15]}
Qf5 {[%clk 0:15:54]} 48.Re1 {[%clk 0:05:47]} Rxa3 {[%clk 0:13:29]}
49.Qxe5 {[%clk 0:05:08]} Qxe5 {[%clk 0:13:01]} 50.Rxe5 {[%clk 0:05:36]}
Ra1+ {[%clk 0:11:37]} 51.Re1 {[%clk 0:06:00]} Rxe1+ {[%clk 0:11:50]}
52.Bxe1 {[%clk 0:06:26]} g5 {[%clk 0:12:16]} 53.h3 {[%clk 0:05:25]}
h5 {[%clk 0:12:06]} 54.Kh2 {[%clk 0:05:14]} g4 {[%clk 0:12:16]}
55.hxg4 {[%clk 0:05:32]} hxg4 {[%clk 0:12:43]} 56.Kg3 {[%clk 0:05:57]}
Kg7 {[%clk 0:12:49]} 57.Kxg4 {[%clk 0:06:21]} Kf6 {[%clk 0:13:16]}
58.Kxf3 {[%clk 0:06:46]} Ke5 59.Ke4 1/2-1/2

[Event "Russian Women's Higher League 2021"]
[Site "?"]
[Date "2021.06.29"]
[Round "4.3"]
[White "Bivol, Alina"]
[Black "Protopopova, Anastasiya"]
[Result "1-0"]
[WhiteElo "2374"]
[BlackElo "2286"]
[Annotator ""]
[Source ""]
[Remark ""]

1.e4 {[%clk 1:30:29]} c5 {[%clk 1:30:50]} 2.Nf3 {[%clk 1:30:22]}
d6 {[%clk 1:31:16]} 3.Bb5+ {[%clk 1:30:34]} Nd7 {[%clk 1:31:24]}
4.a4 {[%clk 1:29:00]} Ngf6 {[%clk 1:28:36]} 5.Nc3 {[%clk 1:28:51]}
g6 {[%clk 1:24:49]} 6.O-O {[%clk 1:27:06]} Bg7 {[%clk 1:24:53]}
7.a5 {[%clk 1:26:43]} a6 {[%clk 1:18:52]} 8.Be2 {[%clk 1:26:19]}
e5 {[%clk 1:14:20]} 9.d3 {[%clk 1:22:58]} O-O {[%clk 1:14:24]}
10.Nd2 {[%clk 1:20:44]} b5 {[%clk 1:05:11]} 11.axb6 {[%clk 1:21:00]}
Nxb6 {[%clk 1:05:28]} 12.Nc4 {[%clk 1:20:48]} Nxc4 {[%clk 0:51:05]}
13.dxc4 {[%clk 1:19:45]} Bb7 {[%clk 0:51:18]} 14.Bg5 {[%clk 1:15:46]}
h6 {[%clk 0:48:28]} 15.Bxf6 {[%clk 1:16:09]} Bxf6 {[%clk 0:46:38]}
16.Qd3 {[%clk 1:15:15]} Qb6 {[%clk 0:44:26]} 17.Ra3 {[%clk 1:14:31]}
Kg7 {[%clk 0:43:09]} 18.Rb3 {[%clk 1:13:58]} Qc7 {[%clk 0:42:26]}
19.Rd1 {[%clk 1:11:39]} Rfd8 {[%clk 0:38:42]} 20.Ra3 {[%clk 1:07:19]}
Qb6 {[%clk 0:33:58]} 21.Rb3 {[%clk 1:01:57]} Qc7 {[%clk 0:33:55]}
22.Qg3 {[%clk 1:00:42]} Bc6 {[%clk 0:31:55]} 23.Ra3 {[%clk 0:57:19]}
Qb7 {[%clk 0:27:50]} 24.Rb3 {[%clk 0:51:50]} Qc7 {[%clk 0:28:15]}
25.Ra1 {[%clk 0:51:23]} Rdb8 {[%clk 0:26:25]} 26.Rxb8 {[%clk 0:49:07]}
Rxb8 {[%clk 0:23:20]} 27.b3 {[%clk 0:49:17]} Bb7 {[%clk 0:19:11]}
28.Qd3 {[%clk 0:46:37]} Bg5 {[%clk 0:18:10]} 29.g3 {[%clk 0:44:45]}
Bf6 {[%clk 0:17:41]} 30.Bf1 {[%clk 0:41:06]} Ra8 {[%clk 0:17:34]}
31.Bg2 {[%clk 0:40:54]} Bc6 {[%clk 0:17:33]} 32.Nd1 {[%clk 0:37:56]}
h5 {[%clk 0:14:31]} 33.h4 {[%clk 0:38:08]} Bb7 {[%clk 0:14:50]}
34.Ne3 {[%clk 0:35:35]} Bc6 {[%clk 0:14:14]} 35.Nd1 {[%clk 0:33:50]}
Bb7 {[%clk 0:14:13]} 36.Nc3 {[%clk 0:30:35]} Bc6 {[%clk 0:14:30]}
37.Bf3 {[%clk 0:27:41]} Bb7 {[%clk 0:13:22]} 38.Nd1 {[%clk 0:26:22]}
Bc6 {[%clk 0:11:38]} 39.Kf1 {[%clk 0:26:24]} Kf8 {[%clk 0:10:52]}
40.Ke2 {[%clk 0:55:26]} Be7 {[%clk 0:39:00]} 41.Nc3 {[%clk 0:55:32]}
Kg7 {[%clk 0:34:58]} 42.Rg1 {[%clk 0:54:11]} Rh8 {[%clk 0:30:22]}
43.Ra1 {[%clk 0:51:24]} Ra8 {[%clk 0:30:45]} 44.Rg1 {[%clk 0:36:14]}
Rh8 {[%clk 0:30:58]} 45.Bh1 {[%clk 0:36:05]} Qd7 {[%clk 0:26:33]}
46.Nd1 {[%clk 0:34:29]} a5 {[%clk 0:21:51]} 47.Bf3 {[%clk 0:29:50]}
a4 {[%clk 0:21:48]} 48.bxa4 {[%clk 0:29:32]} Qe8 {[%clk 0:13:05]}
49.Ne3 {[%clk 0:28:36]} Bxa4 {[%clk 0:12:31]} 50.Ra1 {[%clk 0:25:18]}
Bd7 {[%clk 0:04:41]} 51.Nd5 {[%clk 0:25:31]} Be6 {[%clk 0:04:35]}
52.Ra7 {[%clk 0:24:58]} Bxd5 {[%clk 0:05:00]} 53.Qxd5 {[%clk 0:25:11]}
Rf8 {[%clk 0:04:34]} 54.Bg2 {[%clk 0:25:05]} Qd8 {[%clk 0:04:09]}
55.Bh3 {[%clk 0:25:00]} Kg8 {[%clk 0:02:24]} 56.Qb7 {[%clk 0:22:50]}
Bf6 {[%clk 0:01:51]} 57.Be6 {[%clk 0:22:53]} Qe8 {[%clk 0:01:49]}
58.Bd5 {[%clk 0:23:12]} Bg7 {[%clk 0:02:03]} 59.Qc7 {[%clk 0:23:11]}
Qc8 {[%clk 0:00:54]} 60.Bxf7+ {[%clk 0:23:21]} Kh8 {[%clk 0:01:13]}
61.Qxc8 {[%clk 0:23:28]} Rxc8 {[%clk 0:01:39]} 62.Bxg6 {[%clk 0:23:53]}
Rb8 {[%clk 0:01:35]} 63.Bxh5 {[%clk 0:24:04]} Kh7 {[%clk 0:01:39]}
64.Bg4 {[%clk 0:24:15]} Rb2 {[%clk 0:01:34]} 65.Bf5+ {[%clk 0:24:29]}
Kg8 {[%clk 0:01:47]} 66.Kd3 {[%clk 0:24:50]} Rb1 {[%clk 0:02:13]}
67.Rd7 {[%clk 0:20:52]} Rf1 {[%clk 0:02:28]} 68.Ke2 {[%clk 0:20:33]}
Rc1 {[%clk 0:02:52]} 69.Be6+ {[%clk 0:20:07]} Kh7 {[%clk 0:03:11]}
70.Rxd6 {[%clk 0:20:24]} Rxc2+ {[%clk 0:03:35]} 71.Kf3 {[%clk 0:20:47]}
Bh6 {[%clk 0:02:46]} 72.Bf5+ {[%clk 0:21:11]} Kg7 {[%clk 0:03:04]}
73.Rg6+ {[%clk 0:20:44]} Kh7 {[%clk 0:03:33]} 74.Rc6+ {[%clk 0:18:53]}
Kg7 {[%clk 0:04:01]} 75.Rxc5 {[%clk 0:17:18]} Bd2 {[%clk 0:04:26]}
76.Rc7+ {[%clk 0:17:41]} Kf8 {[%clk 0:04:13]} 77.Kg4 {[%clk 0:17:22]}
Bc1 {[%clk 0:03:41]} 78.Kh5 {[%clk 0:17:05]} Rxf2 {[%clk 0:04:00]}
79.Kg6 {[%clk 0:16:53]} 1-0

[Event "Russian Women's Higher League 2021"]
[Site "?"]
[Date "2021.06.29"]
[Round "4.4"]
[White "Charochkina, Daria"]
[Black "Belenkaya, Dina"]
[Result "1/2-1/2"]
[WhiteElo "2333"]
[BlackElo "2341"]
[Annotator ""]
[Source ""]
[Remark ""]

1.c4 e5 2.Nc3 Nf6 3.Nf3 Nc6 4.g3 Bc5 5.Nxe5 Bxf2+ 6.Kxf2 Nxe5
7.e4 c5 8.d4 cxd4 9.Qxd4 d6 10.Bf4 O-O 11.h3 Be6 12.Be2 Qc7 13.c5
Qa5 14.cxd6 Nc6 15.Qd2 Qxc3 16.Qxc3 Nxe4+ 17.Kg1 Nxc3 18.bxc3
Rac8 19.Rh2 Nb8 20.Bf3 b6 21.Rc1 Nd7 22.Re2 Rfe8 23.g4 Kf8 24.Kf2
Bc4 25.Rxe8+ Kxe8 26.Re1+ Be6 27.Re3 Rc4 28.Bg5 Rc5 29.h4 Ne5
30.Bd1 Kd7 31.Re4 f6 32.Bd2 Kxd6 33.g5 Bxa2 34.Ra4 Ra5 35.Rxa5
bxa5 36.gxf6 gxf6 37.Be3 Nd3+ 38.Kf3 a6 39.Ke4 Bb1 40.Kd4 f5
41.c4 Nc5 42.Bf4+ Kc6 43.Bd2 a4 44.Bb4 Nb3+ 45.Ke5 a5 46.Ba3
Kc7 47.Bh5 Na1 48.Be8 f4 49.Bd6+ Kd8 50.Bxa4 f3 51.Bc5 Bd3 52.Bb6+
Ke7 53.Kf4 Bc2 54.Bb5 Bd1 55.Bxa5 Be2 56.Kg3 Nb3 57.Bb4+ Ke6
58.Ba6 Nc1 59.Bc5 Nd3 60.Bd4 Kd6 61.Be3 Nc5 62.Bxc5+ Kxc5 63.Bb7 1/2-1/2